[Event "British Rapidplay"]
[Site "Peterborough"]
[Date "2025.03.01"]
[Round "1.27"]
[White "Southcott-Moyers, Indy"]
[Black "Basher, Ekramul"]
[Result "1-0"]
[WhiteElo "2227"]
[BlackElo "1726"]
[PlyCount "87"]
[EventDate "2025.03.01"]
[EventType "swiss (rapid)"]
[EventRounds "11"]
[EventCountry "ENG"]
[SourceTitle "BritBase"]
[Source "John Saunders"]
[SourceDate "2025.03.03"]
[SourceVersion "1"]
[SourceVersionDate "2025.03.03"]
[SourceQuality "2"]

1. d4 d5 2. c4 e6 3. Nf3 Nc6 4. Nc3 Nf6 5. Bg5 Be7 6. e3 h6 7. Bh4 a6 8. Rc1 Bd7 9. Bxf6 Bxf6 10. cxd5 exd5 11. Nxd5 Be6 12. Nxf6+ Qxf6 13. Bc4 O-O 14. Bxe6 Qxe6 15. d5 Qg6 16. dxc6 bxc6 17. O-O Rab8 18. b3 Rfd8 19. Qc2 Qxc2 20. Rxc2 Rd6 21. h3 f6 22. Rfc1 Rbd8 23. Rxc6 Rd1+ 24. Rxd1 Rxd1+ 25. Kh2 Rf1 26. Kg3 a5 27. Rxc7 Ra1 28. Rc2 Kf7 29. Nd4 g5 30. Kf3 h5 31. g4 h4 32. Kg2 a4 33. bxa4 Rb1 34. a5 Rb7 35. a6 Ra7 36. Rc6 Ke7 37. Nb5 Ra8 38. a7 f5 39. Rc7+ Kd8 40. Rb7 Kc8 41. Nd6+ Kd8 42. Rb8+ Kc7 43. Rxa8 Kxd6 44. Rd8+ 1-0

[Event "British Rapidplay"]
[Site "Peterborough"]
[Date "2025.03.01"]
[Round "1.28"]
[White "Fisher, Neal"]
[Black "Shearsby, Jude"]
[Result "0-1"]
[WhiteElo "1713"]
[BlackElo "2152"]
[PlyCount "64"]
[EventDate "2025.03.01"]
[EventType "swiss (rapid)"]
[EventRounds "11"]
[EventCountry "ENG"]
[SourceTitle "BritBase"]
[Source "John Saunders"]
[SourceDate "2025.03.03"]
[SourceVersion "1"]
[SourceVersionDate "2025.03.03"]
[SourceQuality "2"]

1. e4 Nc6 2. Nf3 d6 3. Bc4 Nf6 4. d3 e6 5. a4 d5 6. exd5 exd5 7. Bb3 Bd6 8. Nc3 Be6 9. Nb5 Be7 10. Bf4 Rc8 11. Nbd4 Nxd4 12. Nxd4 Bd7 13. O-O c5 14. Nf3 O-O 15. c4 Be6 16. Ng5 Bf5 17. Nf3 Bd6 18. Bg3 d4 19. Qd2 Bxg3 20. fxg3 Qb6 21. Ba2 Bg6 22. Nh4 Rfe8 23. Nxg6 hxg6 24. Rae1 Re3 25. b3 Rce8 26. Rxe3 dxe3 27. Qe2 Qb4 28. Rd1 Qc3 29. h3 Nd7 30. Kh2 Nb8 31. Rf1 Nc6 32. Qf3 Re7 0-1

[Event "British Rapidplay"]
[Site "Peterborough"]
[Date "2025.03.01"]
[Round "1.29"]
[White "Raju, Sooraj Menothuparam"]
[Black "Shankar, Yashwardhan"]
[Result "1-0"]
[WhiteElo "2154"]
[BlackElo "1767"]
[PlyCount "63"]
[EventDate "2025.03.01"]
[EventType "swiss (rapid)"]
[EventRounds "11"]
[EventCountry "ENG"]
[SourceTitle "BritBase"]
[Source "John Saunders"]
[SourceDate "2025.03.03"]
[SourceVersion "1"]
[SourceVersionDate "2025.03.03"]
[SourceQuality "2"]

1. e4 c5 2. Nc3 Nc6 3. f4 d6 4. Nf3 Nf6 5. d3 g6 6. g3 Bg7 7. Bg2 a6 8. a4 O-O 9. O-O Bg4 10. h3 Bxf3 11. Qxf3 Nd4 12. Qf2 Rb8 13. Be3 Nd7 14. f5 b5 15. axb5 axb5 16. g4 b4 17. Nd5 b3 18. c3 Nc2 19. Ra7 e6 20. f6 exd5 21. fxg7 Kxg7 22. Rxd7 Qe8 23. Qf6+ Kg8 24. Bh6 Qe5 25. Qxe5 dxe5 26. Bxf8 Rxf8 27. exd5 f5 28. gxf5 gxf5 29. Re7 Kh8 30. d6 Rd8 31. d7 c4 32. Re8+ 1-0

[Event "British Rapidplay"]
[Site "Peterborough"]
[Date "2025.03.01"]
[Round "1.30"]
[White "Reghu, Jyothika U"]
[Black "Khoury, Theo"]
[Result "1-0"]
[WhiteElo "1767"]
[BlackElo "2164"]
[PlyCount "61"]
[EventDate "2025.03.01"]
[EventType "swiss (rapid)"]
[EventRounds "11"]
[EventCountry "ENG"]
[SourceTitle "BritBase"]
[Source "John Saunders"]
[SourceDate "2025.03.03"]
[SourceVersion "1"]
[SourceVersionDate "2025.03.03"]
[SourceQuality "2"]

1. e4 c5 2. Nc3 d6 3. g3 Nc6 4. Bg2 g6 5. d3 Bg7 6. Be3 Rb8 7. a4 e6 8. Qd2 a6 9. Nge2 Nge7 10. Bh6 O-O 11. h4 f5 12. h5 Qe8 13. hxg6 Qxg6 14. Bxg7 Qxg7 15. O-O-O b5 16. Rh5 Nd4 17. Rdh1 Nxe2+ 18. Qxe2 Rf7 19. Rxh7 Qxh7 20. Rxh7 Rxh7 21. exf5 Nxf5 22. Ne4 Rh6 23. a5 Bb7 24. g4 Bxe4 25. Bxe4 Nd4 26. Qe3 Kg7 27. Qg5+ Kf7 28. Qxh6 Rg8 29. g5 d5 30. Qf6+ Ke8 31. Bg6+ 1-0

[Event "British Rapidplay"]
[Site "Peterborough"]
[Date "2025.03.01"]
[Round "1.31"]
[White "Hryshchenko, Kamila"]
[Black "Takvorian, Sebouh"]
[Result "1-0"]
[WhiteElo "2119"]
[BlackElo "1802"]
[PlyCount "63"]
[EventDate "2025.03.01"]
[EventType "swiss (rapid)"]
[EventRounds "11"]
[EventCountry "ENG"]
[SourceTitle "BritBase"]
[Source "John Saunders"]
[SourceDate "2025.03.03"]
[SourceVersion "1"]
[SourceVersionDate "2025.03.03"]
[SourceQuality "2"]

1. e4 e6 2. d3 d5 3. Nd2 c5 4. Ngf3 Nc6 5. g3 Nf6 6. Bg2 g6 7. O-O Bg7 8. Ng5 O-O 9. f4 Qb6 10. Kh1 a5 11. e5 Ne8 12. c3 Nc7 13. Ndf3 Bd7 14. h4 f6 15. exf6 Bxf6 16. Qe2 Rae8 17. Ne5 Nxe5 18. fxe5 Bg7 19. Bf4 d4 20. c4 Bc6 21. Ne4 Rd8 22. Rab1 Qa7 23. h5 b5 24. b3 Rb8 25. Qg4 gxh5 26. Qxh5 Ne8 27. Ng5 Bxg2+ 28. Kxg2 h6 29. Nxe6 Nc7 30. Nxg7 Rf7 31. Nf5 Ne6 32. Nxh6+ 1-0

[Event "British Rapidplay"]
[Site "Peterborough"]
[Date "2025.03.01"]
[Round "1.33"]
[White "Mikalajunas, Kajus"]
[Black "Kumar, Sachin"]
[Result "1-0"]
[WhiteElo "2080"]
[BlackElo "1735"]
[PlyCount "39"]
[EventDate "2025.03.01"]
[EventType "swiss (rapid)"]
[EventRounds "11"]
[EventCountry "ENG"]
[SourceTitle "BritBase"]
[Source "John Saunders"]
[SourceDate "2025.03.03"]
[SourceVersion "1"]
[SourceVersionDate "2025.03.03"]
[SourceQuality "2"]

1. Nf3 d5 2. g3 c5 3. Bg2 Nc6 4. d4 Nf6 5. O-O e6 6. c4 dxc4 7. Ne5 Nxe5 8. dxe5 Nd5 9. Nc3 Nb6 10. Qxd8+ Kxd8 11. Rd1+ Kc7 12. Nb5+ Kb8 13. Rd8 Nd7 14. Bg5 a6 15. Rd1 Nb6 16. Rxc8+ Nxc8 17. Rd7 Ne7 18. Rxb7+ Kc8 19. Nd6+ Kd8 20. Bc6 1-0

[Event "British Rapidplay"]
[Site "Peterborough"]
[Date "2025.03.01"]
[Round "1.34"]
[White "De Sousa Muachikape, Jael"]
[Black "Finn, Peter"]
[Result "0-1"]
[WhiteElo "1855"]
[BlackElo "2205"]
[PlyCount "84"]
[EventDate "2025.03.01"]
[EventType "swiss (rapid)"]
[EventRounds "11"]
[EventCountry "ENG"]
[SourceTitle "BritBase"]
[Source "John Saunders"]
[SourceDate "2025.03.03"]
[SourceVersion "1"]
[SourceVersionDate "2025.03.03"]
[SourceQuality "2"]

1. d4 Nf6 2. c4 e6 3. Nf3 d5 4. g3 Be7 5. Bg2 O-O 6. O-O dxc4 7. Qc2 a6 8. a4 Bd7 9. Qxc4 Bc6 10. Rd1 Bd5 11. Qc2 Be4 12. Qc4 b5 13. Qb3 Bd5 14. Qc2 Be4 15. Qb3 b4 16. Ne5 Bxg2 17. Kxg2 Qd5+ 18. Qxd5 exd5 19. Nd2 Bd6 20. Ndf3 Ne4 21. Bf4 h6 22. h4 a5 23. Nd3 Nd7 24. Bxd6 Nxd6 25. Nfe5 Nxe5 26. Nxe5 f6 27. Ng6 Rfe8 28. e3 Rab8 29. Nf4 c6 30. Rac1 Rb6 31. Rc5 b3 32. Rxa5 Nc4 33. Ra7 Nxb2 34. Rb1 Nc4 35. Nd3 b2 36. a5 Rb3 37. Nc5 Rb5 38. Rb7 Rxb7 39. Nxb7 Ra8 40. Nc5 Rxa5 41. Nd3 Ra2 42. Nb4 Ra1 0-1

[Event "British Rapidplay"]
[Site "Peterborough"]
[Date "2025.03.01"]
[Round "1.35"]
[White "Deva, Chetan"]
[Black "Barton, Ben"]
[Result "1/2-1/2"]
[WhiteElo "2181"]
[BlackElo "1857"]
[PlyCount "102"]
[EventDate "2025.03.01"]
[EventType "swiss (rapid)"]
[EventRounds "11"]
[EventCountry "ENG"]
[SourceTitle "BritBase"]
[Source "John Saunders"]
[SourceDate "2025.03.03"]
[SourceVersion "1"]
[SourceVersionDate "2025.03.03"]
[SourceQuality "2"]

1. Nf3 d5 2. b3 c5 3. Bb2 Nc6 4. g3 Nf6 5. Bg2 g6 6. O-O Bg7 7. d3 Bd7 8. Re1 Qc7 9. e4 d4 10. a3 O-O 11. Nbd2 e5 12. h3 Qc8 13. Kh2 Qc7 14. Rf1 Ne8 15. Qe2 Nd6 16. Nc4 Nxc4 17. bxc4 Rae8 18. Bc1 f5 19. exf5 Bxf5 20. Ng5 Ne7 21. Rb1 b6 22. Bd2 Bd7 23. Ne4 Nf5 24. Bg5 Nd6 25. Qd2 Nxe4 26. Bxe4 Bc6 27. Rbe1 Bxe4 28. Rxe4 Rf5 29. Bh4 Rh5 30. f4 Bh6 31. Bg5 Qd7 32. h4 Qf5 33. Kg2 Rf8 34. Rxe5 Qg4 35. Qe2 Qxe2+ 36. Rxe2 Bxg5 37. fxg5 h6 38. Re6 Rxf1 39. Kxf1 Kf7 40. Rf6+ Kg7 41. Rc6 hxg5 42. Rc7+ Kf6 43. hxg5+ Rxg5 44. Kg2 Re5 45. Kf3 Rf5+ 46. Ke2 Re5+ 47. Kf3 Re3+ 48. Kg4 Re7 49. Rc6+ Re6 50. Rc7 Re7 51. Rc6+ Re6 1/2-1/2

[Event "British Rapidplay"]
[Site "Peterborough"]
[Date "2025.03.01"]
[Round "1.38"]
[White "Pearson, Charlie"]
[Black "Jermy, Jaden"]
[Result "1-0"]
[WhiteElo "1668"]
[BlackElo "2001"]
[PlyCount "109"]
[EventDate "2025.03.01"]
[EventType "swiss (rapid)"]
[EventRounds "11"]
[EventCountry "ENG"]
[SourceTitle "BritBase"]
[Source "John Saunders"]
[SourceDate "2025.03.03"]
[SourceVersion "1"]
[SourceVersionDate "2025.03.03"]
[SourceQuality "2"]

1. e4 c5 2. Nf3 e6 3. d4 cxd4 4. Nxd4 a6 5. Nc3 Qc7 6. Be2 Bb4 7. Bd2 Nf6 8. Bf3 Nc6 9. Nxc6 bxc6 10. O-O O-O 11. a3 Be7 12. Re1 e5 13. b4 h6 14. h3 a5 15. b5 cxb5 16. Nxb5 Qc6 17. Nc3 Bc5 18. Nd5 Nxd5 19. exd5 Qb6 20. Be3 d6 21. Rb1 Qc7 22. Qd3 Ba6 23. Qc3 Rac8 24. Bxc5 Qxc5 25. Qxc5 Rxc5 26. Rb6 Bc4 27. Rxd6 Re8 28. Rd7 f5 29. Bh5 Rf8 30. Rxe5 Bb5 31. Ra7 Rf6 32. Ree7 Rxd5 33. Rxg7+ Kf8 34. Rgb7 Rfd6 35. Ra8+ Rd8 36. Rxd8+ Rxd8 37. Rxb5 Rd2 38. Rxf5+ Kg7 39. Rxa5 Rxc2 40. Ra7+ Kf6 41. a4 Ke5 42. Bf3 Ra2 43. a5 Kd6 44. a6 Kc5 45. Ra8 Kb6 46. a7 Rxa7 47. Rxa7 Kxa7 48. Kh2 Kb6 49. Kg3 Kc5 50. Kh4 Kd4 51. Kh5 Ke5 52. Kxh6 Kf4 53. g4 Ke5 54. g5 Kf4 55. g6 1-0

[Event "British Rapidplay"]
[Site "Peterborough"]
[Date "2025.03.01"]
[Round "1.39"]
[White "Verbytski, Oleg"]
[Black "Keshari, Krish"]
[Result "1-0"]
[WhiteElo "2111"]
[BlackElo "1669"]
[PlyCount "57"]
[EventDate "2025.03.01"]
[EventType "swiss (rapid)"]
[EventRounds "11"]
[EventCountry "ENG"]
[SourceTitle "BritBase"]
[Source "John Saunders"]
[SourceDate "2025.03.03"]
[SourceVersion "1"]
[SourceVersionDate "2025.03.03"]
[SourceQuality "2"]

1. e4 e5 2. Nf3 Nc6 3. Bc4 Bc5 4. c3 Nf6 5. d3 d6 6. O-O a5 7. Re1 O-O 8. h3 h6 9. d4 Ba7 10. Be3 Re8 11. Nbd2 exd4 12. Bxd4 Nxd4 13. cxd4 d5 14. exd5 Bf5 15. Qb3 Qd7 16. Ne5 Qd6 17. Ndf3 Bxd4 18. Nxd4 Rxe5 19. Nxf5 Rxf5 20. Qxb7 Rd8 21. Rac1 Qf4 22. Qa7 Qd2 23. Rcd1 Qxb2 24. Qxc7 Qxf2+ 25. Kh1 Rdxd5 26. Bxd5 Nxd5 27. Qc1 Qxa2 28. Qc8+ Kh7 29. Qxf5+ 1-0

[Event "British Rapidplay"]
[Site "Peterborough"]
[Date "2025.03.01"]
[Round "1.40"]
[White "Burton, Sean"]
[Black "Martin, Lewis"]
[Result "0-1"]
[WhiteElo "1806"]
[BlackElo "2050"]
[PlyCount "72"]
[EventDate "2025.03.01"]
[EventType "swiss (rapid)"]
[EventRounds "11"]
[EventCountry "ENG"]
[SourceTitle "BritBase"]
[Source "John Saunders"]
[SourceDate "2025.03.03"]
[SourceVersion "1"]
[SourceVersionDate "2025.03.03"]
[SourceQuality "2"]

1. e4 c6 2. d4 d5 3. f3 dxe4 4. fxe4 e5 5. Nf3 exd4 6. Bc4 Nf6 7. O-O Be7 8. Nbd2 O-O 9. e5 Nd5 10. Ne4 b5 11. Bd3 Bg4 12. Qe1 Nd7 13. Qg3 Bxf3 14. Bh6 g6 15. Bxf8 Bxf8 16. Rxf3 Bg7 17. Raf1 Nxe5 18. R3f2 Ne3 19. Re1 Qe7 20. Ng5 h6 21. Nf3 Nxd3 22. cxd3 c5 23. h3 Re8 24. Nh2 Be5 25. Qf3 f5 26. Nf1 f4 27. Nxe3 dxe3 28. Rc2 Qd6 29. Qb7 Bd4 30. Qxb5 Rf8 31. Qc4+ Kg7 32. Rce2 f3 33. gxf3 Qg3+ 34. Kh1 Qxh3+ 35. Kg1 Qg3+ 36. Kh1 Rf4 0-1

[Event "British Rapidplay"]
[Site "Peterborough"]
[Date "2025.03.01"]
[Round "1.43"]
[White "Dicen, Elis Denele"]
[Black "Smith, Andrew PE"]
[Result "1-0"]
[WhiteElo "2129"]
[BlackElo "1745"]
[PlyCount "33"]
[EventDate "2025.03.01"]
[EventType "swiss (rapid)"]
[EventRounds "11"]
[EventCountry "ENG"]
[SourceTitle "BritBase"]
[Source "John Saunders"]
[SourceDate "2025.03.03"]
[SourceVersion "1"]
[SourceVersionDate "2025.03.03"]
[SourceQuality "2"]

1. d4 d5 2. c4 dxc4 3. Nf3 c5 4. e3 cxd4 5. Bxc4 Qc7 6. Bb5+ Bd7 7. Bxd7+ Nxd7 8. exd4 Ngf6 9. O-O e6 10. Nc3 a6 11. Re1 Be7 12. d5 exd5 13. Bg5 h6 14. Rxe7+ Kf8 15. Bxf6 gxf6 16. Nxd5 Qd6 17. Re1 1-0

[Event "British Rapidplay"]
[Site "Peterborough"]
[Date "2025.03.01"]
[Round "1.45"]
[White "Mihalik, Agoston"]
[Black "Sriram, Gautam"]
[Result "1-0"]
[WhiteElo "2140"]
[BlackElo "1597"]
[PlyCount "85"]
[EventDate "2025.03.01"]
[EventType "swiss (rapid)"]
[EventRounds "11"]
[EventCountry "ENG"]
[SourceTitle "BritBase"]
[Source "John Saunders"]
[SourceDate "2025.03.03"]
[SourceVersion "1"]
[SourceVersionDate "2025.03.03"]
[SourceQuality "2"]

1. e4 d5 2. exd5 Qxd5 3. Nc3 Qa5 4. d4 c6 5. Bc4 Nf6 6. Nge2 Bf5 7. Ng3 Bg6 8. Qe2 e6 9. a3 Bd6 10. Bd2 Qc7 11. Nce4 Nxe4 12. Nxe4 Bxe4 13. Qxe4 Nd7 14. Qg4 g6 15. h4 Nf6 16. Qf3 Nd5 17. g3 O-O-O 18. O-O-O Rhe8 19. Bb3 f5 20. h5 Qg7 21. hxg6 hxg6 22. Kb1 Nc7 23. c4 Be7 24. Bh6 Qf7 25. Be3 Bf6 26. d5 exd5 27. cxd5 Nxd5 28. Bxa7 Re7 29. Bb6 Rdd7 30. Rd3 Qg7 31. Bxd5 cxd5 32. Rc1+ Kb8 33. Qf4+ Be5 34. Qa4 Rc7 35. Qa7+ Kc8 36. Qa8+ Kd7 37. Bxc7 Bxc7 38. Qxb7 Ke8 39. Qxd5 Kf8 40. Rxc7 Rxc7 41. Qd8+ Kf7 42. Qxc7+ Kf6 43. Rd6+ 1-0

[Event "British Rapidplay"]
[Site "Peterborough"]
[Date "2025.03.01"]
[Round "1.47"]
[White "Kothari, Jai"]
[Black "Middleton, Ben"]
[Result "1-0"]
[WhiteElo "2035"]
[BlackElo "1611"]
[PlyCount "69"]
[EventDate "2025.03.01"]
[EventType "swiss (rapid)"]
[EventRounds "11"]
[EventCountry "ENG"]
[SourceTitle "BritBase"]
[Source "John Saunders"]
[SourceDate "2025.03.03"]
[SourceVersion "1"]
[SourceVersionDate "2025.03.03"]
[SourceQuality "2"]

1. e4 e6 2. d4 d5 3. Bd3 Nf6 4. e5 Nfd7 5. Ne2 c5 6. c3 Nc6 7. a3 Be7 8. b4 b6 9. O-O O-O 10. f4 f6 11. Be3 a6 12. Nd2 c4 13. Bc2 Bb7 14. Nf3 Qe8 15. Qe1 Rf7 16. g4 f5 17. gxf5 exf5 18. e6 Rf6 19. exd7 Qxd7 20. Ne5 Nxe5 21. fxe5 Rg6+ 22. Kh1 Rf8 23. Nf4 Rh6 24. Rg1 Bh4 25. Qf1 g5 26. Ng2 Bg3 27. Nh4 Rxh4 28. Rxg3 h6 29. Rh3 f4 30. Rxh4 fxe3 31. Qg1 Rf2 32. Rxh6 Rxc2 33. Qxg5+ Qg7 34. Qd8+ Qf8 35. Rg1+ 1-0

[Event "British Rapidplay"]
[Site "Peterborough"]
[Date "2025.03.01"]
[Round "1.48"]
[White "Mordyl, Monika"]
[Black "Zhang, Junyi"]
[Result "0-1"]
[WhiteElo "1649"]
[BlackElo "2152"]
[PlyCount "41"]
[EventDate "2025.03.01"]
[EventType "swiss (rapid)"]
[EventRounds "11"]
[EventCountry "ENG"]
[SourceTitle "BritBase"]
[Source "John Saunders"]
[SourceDate "2025.03.03"]
[SourceVersion "1"]
[SourceVersionDate "2025.03.03"]
[SourceQuality "2"]

1. d4 Nf6 2. Nc3 d5 3. Nf3 c5 4. e3 Nc6 5. dxc5 e6 6. Bb5 Bxc5 7. Ne5 Qc7 8. Nd3 Bd6 9. Ne2 O-O 10. c4 dxc4 11. Bxc4 Nb4 12. Qb3 b5 13. Nxb4 bxc4 14. Qa4 Bd7 15. Na6 Qb6 16. Qxc4 Bb5 17. Qc2 Qxa6 18. Nd4 Bd3 19. Qb3 Rab8 20. Qd1 Ne4 21. a3 0-1

[Event "British Rapidplay"]
[Site "Peterborough"]
[Date "2025.03.01"]
[Round "1.57"]
[White "Bin-Suhayl, Ieysaa"]
[Black "Watkinson, Phil K"]
[Result "1-0"]
[WhiteElo "2219"]
[BlackElo "1775"]
[PlyCount "73"]
[EventDate "2025.03.01"]
[EventType "swiss (rapid)"]
[EventRounds "11"]
[EventCountry "ENG"]
[SourceTitle "BritBase"]
[Source "John Saunders"]
[SourceDate "2025.03.03"]
[SourceVersion "1"]
[SourceVersionDate "2025.03.03"]
[SourceQuality "2"]

1. Nf3 Nf6 2. c4 c6 3. d4 d5 4. e3 Bf5 5. Nc3 h6 6. Bd3 Bxd3 7. Qxd3 e6 8. O-O Nbd7 9. e4 Nxe4 10. Nxe4 dxe4 11. Qxe4 Nf6 12. Qe2 Bd6 13. Bd2 O-O 14. Rad1 Re8 15. h3 Qc7 16. Rfe1 Rad8 17. Bc3 a6 18. Qd2 Be7 19. Ba5 b6 20. Bc3 c5 21. Qc2 cxd4 22. Bxd4 b5 23. c5 Nd5 24. a3 Bf6 25. b4 Ra8 26. Bxf6 Nxf6 27. Rd4 a5 28. Nd2 axb4 29. axb4 Red8 30. Nb3 Ra4 31. Qb2 Nd5 32. Rg4 Nf6 33. Qxf6 g6 34. Nd4 Rd7 35. Nxb5 Qb7 36. Nd6 Qa7 37. Ne8 1-0

[Event "British Rapidplay"]
[Site "Peterborough"]
[Date "2025.03.01"]
[Round "1.58"]
[White "Suganya, Yugan"]
[Black "Clarke, James"]
[Result "0-1"]
[WhiteElo "1770"]
[BlackElo "1941"]
[PlyCount "100"]
[EventDate "2025.03.01"]
[EventType "swiss (rapid)"]
[EventRounds "11"]
[EventCountry "ENG"]
[SourceTitle "BritBase"]
[Source "John Saunders"]
[SourceDate "2025.03.03"]
[SourceVersion "1"]
[SourceVersionDate "2025.03.03"]
[SourceQuality "2"]

1. e4 c5 2. a3 g6 3. b4 Bg7 4. c3 cxb4 5. axb4 d5 6. exd5 Qxd5 7. Nf3 Nf6 8. g3 Bg4 9. Bg2 Qe4+ 10. Qe2 Qxe2+ 11. Kxe2 Nc6 12. h3 Bf5 13. b5 Nd8 14. Nd4 Be4 15. f3 Bd5 16. Na3 e5 17. Ndc2 e4 18. fxe4 Nxe4 19. Re1 O-O 20. Kd3 Nc5+ 21. Ke2 Bxg2 22. Ne3 Bxh3 23. d4 Nb3 24. Rb1 Nxc1+ 25. Rbxc1 Re8 26. Kf2 Bd7 27. Rh1 h5 28. Rh4 Bf6 29. Rh2 Bg5 30. Re1 Bxe3+ 31. Rxe3 Rxe3 32. Kxe3 Rc8 33. Kd2 Ne6 34. Kd3 Ng5 35. Rf2 Bf5+ 36. Kd2 Ne4+ 37. Ke2 Nxf2 38. Kxf2 Rxc3 39. Nb1 Bxb1 40. b6 axb6 41. d5 Rd3 42. d6 Rxd6 43. g4 h4 44. g5 Bf5 45. Kg1 b5 46. Kh2 b4 47. Kg2 b3 48. Kf3 b2 49. Ke2 b1=Q 50. Kf2 Qc2+ 0-1

[Event "British Rapidplay"]
[Site "Peterborough"]
[Date "2025.03.01"]
[Round "1.59"]
[White "Lishoy Gengis Paratazham, Dildarav"]
[Black "Zajaczkowski, Marek"]
[Result "1-0"]
[WhiteElo "2071"]
[BlackElo "1710"]
[PlyCount "51"]
[EventDate "2025.03.01"]
[EventType "swiss (rapid)"]
[EventRounds "11"]
[EventCountry "ENG"]
[SourceTitle "BritBase"]
[Source "John Saunders"]
[SourceDate "2025.03.03"]
[SourceVersion "1"]
[SourceVersionDate "2025.03.03"]
[SourceQuality "2"]

1. d4 d5 2. Nf3 Bg4 3. Nbd2 Nf6 4. h3 Bh5 5. e3 Ne4 6. Be2 Nxd2 7. Bxd2 Nc6 8. c4 e6 9. Rc1 Be7 10. O-O O-O 11. a3 a5 12. Re1 Re8 13. Qb3 b6 14. cxd5 a4 15. Qc2 Nb8 16. dxe6 Bd6 17. exf7+ Bxf7 18. Bc4 Rf8 19. Bxf7+ Rxf7 20. Qc4 Nd7 21. e4 h6 22. e5 Be7 23. e6 Rxf3 24. exd7+ Rf7 25. Qxc7 Bh4 26. Re8+ 1-0

[Event "British Rapidplay"]
[Site "Peterborough"]
[Date "2025.03.01"]
[Round "1.60"]
[White "Bakhtiyarov, Kamronbek"]
[Black "Fava, Lorenzo"]
[Result "0-1"]
[WhiteElo "1676"]
[BlackElo "2306"]
[PlyCount "84"]
[EventDate "2025.03.01"]
[EventType "swiss (rapid)"]
[EventRounds "11"]
[EventCountry "ENG"]
[SourceTitle "BritBase"]
[Source "John Saunders"]
[SourceDate "2025.03.03"]
[SourceVersion "1"]
[SourceVersionDate "2025.03.03"]
[SourceQuality "2"]

1. e4 d5 2. exd5 Qxd5 3. Nc3 Qa5 4. Nf3 Nf6 5. h3 c5 6. d4 e6 7. Bg5 Ne4 8. Bd2 Nxd2 9. Qxd2 cxd4 10. Nxd4 Be7 11. O-O-O O-O 12. Nb3 Qc7 13. Nb5 Qb6 14. Qf4 Nc6 15. a3 e5 16. Qg3 Be6 17. Bd3 Rac8 18. Kb1 a6 19. Nc3 Nd4 20. Nxd4 exd4 21. Ne2 Bxa3 22. Bxh7+ Kxh7 23. Qxa3 Rfd8 24. Qd3+ g6 25. Nxd4 Bf5 26. Qe3 Rxd4 27. Rxd4 Bxc2+ 28. Ka1 Qa5+ 29. Qa3 Qe5 30. Rh4+ Kg8 31. Qe3 Qa5+ 32. Qa3 Qd5 33. b4 Qe5+ 34. Qb2 Rc3 35. Ka2 Qd5+ 36. Ka1 Qd3 37. Rh8+ Kxh8 38. Re1 Kh7 39. Re3 Qf1+ 40. Ka2 Bb1+ 41. Ka1 Be4+ 42. Ka2 Bd5+ 0-1

[Event "British Rapidplay"]
[Site "Peterborough"]
[Date "2025.03.01"]
[Round "1.61"]
[White "Lalic, Susan Kathryn"]
[Black "Blair, Jimmy"]
[Result "1-0"]
[WhiteElo "2227"]
[BlackElo "1648"]
[PlyCount "111"]
[EventDate "2025.03.01"]
[EventType "swiss (rapid)"]
[EventRounds "11"]
[EventCountry "ENG"]
[SourceTitle "BritBase"]
[Source "John Saunders"]
[SourceDate "2025.03.03"]
[SourceVersion "1"]
[SourceVersionDate "2025.03.03"]
[SourceQuality "2"]

1. e4 b6 2. d4 Bb7 3. Nc3 g6 4. Nf3 Bg7 5. Bc4 e6 6. O-O Ne7 7. Bg5 h6 8. Be3 d6 9. Qd2 Nd7 10. Rfe1 a6 11. a4 g5 12. h3 Ng6 13. Rad1 Qe7 14. Be2 O-O-O 15. Bd3 e5 16. d5 Nf4 17. Bf1 h5 18. g3 g4 19. Nh4 Nxh3+ 20. Kh2 Qf8 21. b4 Bh6 22. Bxh6 Qxh6 23. Qxh6 Rxh6 24. Bxh3 gxh3 25. Nf5 Rf6 26. Kxh3 Kb8 27. Kg2 Rg8 28. Rh1 Rg5 29. Rh2 Rfg6 30. Nh4 Rg8 31. Nf3 Rg4 32. Rxh5 Nf6 33. Rh4 R4g7 34. Rdh1 Bc8 35. Rh8 Bd7 36. Rxg8+ Rxg8 37. Rh6 Ng4 38. Rh7 Be8 39. a5 bxa5 40. bxa5 Nf6 41. Rh6 Nd7 42. Nd2 Nc5 43. Nb3 Nd7 44. f3 Nf8 45. Kf2 Ng6 46. Nd2 c5 47. dxc6 Bxc6 48. Rh7 Rf8 49. Nc4 Kc7 50. Nb6 Be8 51. Nbd5+ Kc6 52. Nf6 Bd7 53. Ke3 Be6 54. f4 exf4+ 55. gxf4 Ba2 56. Nxa2 1-0

[Event "British Rapidplay"]
[Site "Peterborough"]
[Date "2025.03.01"]
[Round "1.62"]
[White "Boganadham, Ved Sudeep"]
[Black "Yoon, Jacob D"]
[Result "0-1"]
[WhiteElo "1649"]
[BlackElo "2251"]
[PlyCount "102"]
[EventDate "2025.03.01"]
[EventType "swiss (rapid)"]
[EventRounds "11"]
[EventCountry "ENG"]
[SourceTitle "BritBase"]
[Source "John Saunders"]
[SourceDate "2025.03.03"]
[SourceVersion "1"]
[SourceVersionDate "2025.03.03"]
[SourceQuality "2"]

1. e4 c6 2. Nc3 d5 3. Nf3 Bg4 4. h3 Bxf3 5. Qxf3 e6 6. exd5 cxd5 7. d4 Nc6 8. Bb5 Nf6 9. Bd2 Be7 10. g4 Qb6 11. O-O-O O-O 12. Be3 a6 13. Bd3 Nb4 14. a3 Nxd3+ 15. Rxd3 Qa5 16. Ne2 b5 17. g5 Ne4 18. Nc3 Nxc3 19. Rxc3 b4 20. Rb3 bxa3 21. bxa3 Bxa3+ 22. Kd1 Bd6 23. Bc1 Rab8 24. Qc3 Qxc3 25. Rxc3 Rb1 26. Rb3 Ra1 27. Rf3 Rb8 28. Rb3 Rxb3 29. cxb3 Bf4 30. Kc2 Bxg5 31. Rg1 Rxc1+ 32. Rxc1 Bxc1 33. Kxc1 g5 34. Kd2 h5 35. Ke3 Kg7 36. b4 Kg6 37. f4 g4 38. hxg4 hxg4 39. Kf2 Kf5 40. Ke3 f6 41. b5 axb5 42. Kf2 b4 43. Kg3 b3 44. Kh4 b2 45. Kg3 b1=Q 46. Kf2 Qc2+ 47. Kg3 Qd3+ 48. Kh2 Qe2+ 49. Kh1 g3 50. Kg1 Qf2+ 51. Kh1 Qf1# 0-1

[Event "British Rapidplay"]
[Site "Peterborough"]
[Date "2025.03.01"]
[Round "1.63"]
[White "Surtees, Michael J"]
[Black "Brown, Chris"]
[Result "1-0"]
[WhiteElo "2099"]
[BlackElo "1617"]
[PlyCount "69"]
[EventDate "2025.03.01"]
[EventType "swiss (rapid)"]
[EventRounds "11"]
[EventCountry "ENG"]
[SourceTitle "BritBase"]
[Source "John Saunders"]
[SourceDate "2025.03.03"]
[SourceVersion "1"]
[SourceVersionDate "2025.03.03"]
[SourceQuality "2"]

1. e4 e5 2. d3 Nf6 3. f4 d6 4. Nf3 Nc6 5. Be2 Be7 6. O-O O-O 7. c3 Bd7 8. Na3 Re8 9. b4 a6 10. fxe5 dxe5 11. Nc4 Bf8 12. Bg5 h6 13. Bh4 b5 14. Ne3 Be6 15. a4 Be7 16. axb5 axb5 17. Rxa8 Qxa8 18. Qa1 Qa4 19. Qxa4 bxa4 20. Ra1 Ra8 21. b5 Nb8 22. Nxe5 Bc5 23. d4 Bxd4 24. cxd4 Nxe4 25. Bf3 f5 26. d5 Bc8 27. Bxe4 fxe4 28. Bd8 a3 29. Bxc7 Nd7 30. Nxd7 Bxd7 31. b6 Bc8 32. Nc4 a2 33. Nd6 e3 34. Nxc8 Rxc8 35. b7 1-0